000 00638nam a2200193 i 4500
001 142983
003 ES-MaACL
005 20250806064358.0
007 t|
008 071011s1955 sp ||||1| spa d
080 _a159.96:550.87
100 1 _aVidemón, N. S.
_9114552
245 1 0 _aGrandes ideas vulgares y menudencias prácticas científicas en relación con el ser humano /
_cN. S. Videmón.
260 _aPalma de Mallorca :
_b[s.n.],
_c1955 (
_fImp. Muntaner)
300 _a79 p. ;
_c17 cm.
650 1 7 _aRadiestesia (Medicina alternativa)
_2embne
_916662
852 _aES-MaACL
_j1968-F-15
_bR.37831
999 _c142983
_d142983